|
|
|
|
| LEADER |
00000nab a2200000 a 4500 |
| 001 |
vtls000581397 |
| 003 |
SK-MaSNL |
| 005 |
20260304172944.0 |
| 008 |
120930c1996 xo 0 slo |
| 015 |
|
|
|a SNBRB19rr/mm-uuuuu
|
| 035 |
|
|
|a CL0581535
|
| 040 |
|
|
|a SNKBUCL
|b slo
|c SNKBUCL
|e AACR2
|
| 041 |
0 |
|
|a slo
|
| 044 |
|
|
|a xo
|c SK
|
| 080 |
|
|
|a 343.3(437.6):340.133:378(437.6)
|2 1981
|
| 080 |
|
|
|a 340.133
|2 1981
|
| 080 |
|
|
|a 378(437.6)
|2 1981
|
| 100 |
1 |
|
|a Galanová, Jana,
|d 1943-
|4 aut
|9 191984
|
| 245 |
1 |
0 |
|a Vyhlásenie Predsedníctva Rady vysokých škôl Slovenskej republiky a Slovenskej rektorskej konferencie k novele Trestného zákona
|c Jana Galanová
|
| 610 |
2 |
7 |
|a Rada vysokých škôl Slovenskej republiky
|2 snkbucl
|9 843635
|
| 610 |
2 |
7 |
|a Slovenská rektorská konferencia
|2 snkbucl
|9 897150
|
| 650 |
0 |
7 |
|a Trestný zákon
|2 snkbucl
|9 660508
|
| 655 |
|
7 |
|a články z novín a časopisov
|2 snkbucl
|9 267496
|
| 773 |
0 |
|
|t Národná obroda
|g Roč. 7, č. 84 (11. 4. 1996), s. 5
|
| 850 |
|
|
|a Slovenská národná knižnica v Martine
|a MTA001
|
| 852 |
|
|
|a SNK
|b KIS3GCP
|
| 958 |
|
|
|a RK
|
| 992 |
|
|
|a RBX
|
| 999 |
|
|
|c 3000910
|d 3002840
|